000 00646nam a2200229Ia 4500
003 OSt
005 20221007075645.0
006 a|||||r|||| 00| 0
007 ta
008 221006b |||||||| |||| 00| 0 eng d
024 _a20,303
037 _cTextual
040 _aFLL
_cFLL
_beng
041 _2eng
_aeng
082 _aV2:13(X).N7, L8
100 _aDoss Veda
_9514209
245 0 _aImpact of planning on centre-state financial relations in India
260 _aNew Delhi
_bNational Publishing House India
_c1978
300 _a239p
_ccm.
942 _hV2:13(X).N7, L8
_cTEXL
_2CC
999 _c1156907
_d1156907